| 000 | 00621nam a2200169 a 4500 | ||
|---|---|---|---|
| 001 | 000027686 | ||
| 005 | 20240307073947.0 | ||
| 008 | 110404s1947 dr 000 0 spa d | ||
| 040 |
_aDO-SdBNP _bspa _cBNPHU |
||
| 245 | 0 | 0 | _aInaguración de la Ciudad Universitaria. |
| 260 |
_aCiudad Trujillo, República Dominicana : _bEditorial Pol Hermano, _c1947. |
||
| 300 |
_a49 p. ; _c24 cm. |
||
| 490 | 1 |
_aPublicaciones de la Universidad Autónoma de Santo Domingo _v52 |
|
| 710 | 1 |
_aUniversidad Autónoma de Santo Domingo _972951 |
|
| 830 | 0 |
_aPublicaciones de la Universidad Autónoma de Santo Domingo _n52 _954765 |
|
| 049 | _aBNPD | ||
| 999 |
_c27178 _d27178 |
||